Stratégie de création de valeur pour le client

Enregistré dans:
Détails bibliographiques
Auteur principal: Montebello, Michel
Format: Livre
Langue:français
Publié: Paris Economica 2003
Collection:Collection Gestion: Politique générale, finance et marketing
Sujets:
Tags: Ajouter un tag
Pas de tags, Soyez le premier à ajouter un tag!

MARC

LEADER 00000nam a2200000 4500
001 0210119
005 20240314091356.9
020 |a 2-7178-4690-5 
041 0 |a fre 
044 |a FR 
245 1 0 |a Stratégie de création de valeur pour le client  |c Michel Montebello 
264 1 |a Paris  |b Economica  |c 2003 
300 |a 221 s. 
490 1 |a Collection Gestion: Politique générale, finance et marketing 
830 0 |a Collection Gestion: Politique générale, finance et marketing 
610 2 0 |a hodnota 
610 2 0 |a klienti 
610 2 0 |a stratégia podniková 
610 2 0 |a kvalita služieb 
610 2 0 |a politika cenová 
610 2 0 |a ceny spotrebiteľské 
610 2 0 |a ceny konkurenčné 
610 2 0 |a modelovanie 
610 2 0 |a hodnota podniku 
100 1 |a Montebello, Michel